LEADER 01732nam a2200337 i 4500 001 000000026610 003 CaOOAMICUS 005 20220401125451.0 008 180830s1780 it u000 u ita u 040 $aSeMil$bita 041 $aita$agrc 100 0 $aTheocritus,$d.$0(OLS)http://semarc/name/11977 245 10$aTeocrito, Mosco, Bione, Simmia greco-latini con la Buccolica di Virgilio latino-greca volgarizzati, e forniti d'annotazioni da Eritisco Pilenejo p.a. Tomo 1. [-2.]. 246 01$aTheokritou, Moschou, Bionos, Simmiou ta euriskomena apanta, kai ta Birgiliou Boukolika 260 $aParma :$bDalla Stamperia Reale,$c1780. 300 $a2 v. ;$c4°. 700 1 $aSimmias : Rhodius.$0(OLS)http://semarc/name/11974 700 1 $aVergilius Maro, Publius,$d<70-19 a.C.>.$0(OLS)http://semarc/name/6169 700 0 $aMoschus : Syracusius.$0(OLS)http://semarc/name/11976 700 1 $aPagnini, Luca Antonio,$d<1737-1814>.$0(OLS)http://semarc/name/11975 710 2 $aStamperia reale$b.$0(OLS)http://semarc/name/3029 774 0 $tTomus 1.$g1$w()212519 774 0 $tTomus 2.$g2$w()212520 900 0 $aVirgilio. 900 0 $aMoschus,$d. 996 $6245$aTeocrito, Mosco, Bione, Simmia greco-latini con la Buccolica di Virgilio latino-greca volgarizzati, e forniti d'annotazioni da Eritisco Pilenejo p.a. Tomo 1. [-2.]$9(OLS)http://semarc/title/35931 996 $6246$aTheokritou, Moschou, Bionos, Simmiou ta euriskomena apanta, kai ta Birgiliou Boukolika$9(OLS)http://semarc/title/35932 996 $6260$aParma :$bDalla Stamperia Reale$9(OLS)http://semarc/publisher/31459 LEADER 01257nam a2200253 i 4500 001 000000225566 003 CaOOAMICUS 005 20260323085248.0 008 131211s1776 it u000 u ita u 013 $a204468 026 $aC.CA r.o- o-iu te(3 (3) 1776 (R) 040 $aSeMil$bita 100 1 $aLocke, John,$d<1632-1704>.$0(OLS)http://semarc/name/5548 245 10$aGuida dell'intelletto nella ricerca della verità opera postuma di Gio. Locke tradotta, e commentata da Francesco Soave C.R.S. .. 260 $aIn Milano :$bPer Gaetano Motta,$c1776. 300 $a[8], 200, [4] p. ;$c8°. 650 4$aLocke, John <1632-1704> - Pensiero filosofico.$0(OLS)http://semarc/subject/14457 700 1 $aSoave, Francesco,$d<1743-1806>.$0(OLS)http://semarc/name/89853 700 1 $aMotta, Gaetano,$c.$0(OLS)http://semarc/name/6846 850 $aSeMil 852 $aSeMil$W1$xVenegono$y1$m2R IV 35 FA$j175912$B175912$CSeMilBibl$Z2$F186429 $8I 996 $6245$aGuida dell'intelletto nella ricerca della verità opera postuma di Gio. Locke tradotta, e commentata da Francesco Soave C.R.S. ..$9(OLS)http://semarc/title/323113 996 $6260$aIn Milano :$bPer Gaetano Motta$9(OLS)http://semarc/publisher/34144